000 00615nam a2200193Ia 4500
005 20250508155741.0
008 008 250505s9999 xx 000 0 eng d
037 _aDissertations
040 _aFEDL
_beng
_cFEDL
041 _aeng
_2eng
084 _a370.954, SHA/DI
_qFEDL
100 _aSharma Satya Pal
_9767418
245 0 _aStudy of reactions of fourth lok sabha (1967-70) towards the Kothari Education Commission report (1964-66)
260 _c1972
300 _a218 p.
546 _aM.Ed. Dissertation (Delhi University)
942 _cDIS
_h370.954, SHA/DI
999 _c1359110
_d1359110